banner-ar

قاموس العادات واللهجات والاوابد الاردنية / (Record no. 8341)

MARC details
000 -الفاتح
حقل البيانات ثابتة الطول 00797nam a2200205Ia 4500
008 - عناصر البيانات ثابتة الطول - معلومات عامة
حقل البيانات ثابتة الطول 140319s9999 xx 000 0 ara d
040 ## - مصدر الفهرسة
وكالة الفهرسة الأصلية GCL /
وكالة النسخ GCL
082 04 - رقم تصنيف ديوى العشرى
رقم التصنيف 390.0956802
رقم المادة ر ق
100 1# - المدخل الرئيسى - إسم شخصى
الإسم الشخصى روكس بن زائد العزيزى
245 10 - بيان العنوان
العنوان قاموس العادات واللهجات والاوابد الاردنية /
بيان المسئوليه,etc روكس بن زائد العزيزى
260 ## - PUBLICATION, DISTRIBUTION, ETC. (IMPRINT)
تاريخ النشر أو التوزيع 2003
300 ## - الوصف المادى
التعداد 3 مج ؛
أبعاد الوعاء 24 سم
490 ## - بيان السلسلة
عنوان السلسلة سلسلة كتب ثقافية
رقم المجلد/ التعيين التسلسلي 67
650 04 - المدخل الاضافى بالموضوع-مصطلح موضوعى
مصطلح موضوعي العادات والتقاليد
650 04 - المدخل الاضافى بالموضوع-مصطلح موضوعى
مصطلح موضوعي الاردن - الاحول الاجتماعية
650 04 - المدخل الاضافى بالموضوع-مصطلح موضوعى
مصطلح موضوعي الاردن - العادات والتقاليد
650 04 - المدخل الاضافى بالموضوع-مصطلح موضوعى
مصطلح موضوعي اللهجة الاردنية
942 ## - عناصر المدخل الإضافي( كوها)
مصدر التصنيف او مخطط الترفيف Dewey Decimal Classification
Koha [default] item type كتاب
260 ## - PUBLICATION, DISTRIBUTION, ETC. (IMPRINT)
-- الاردن :
-- وزارة الثقافة الاردنية ،
Holdings
حالة التراجع حالة الفقد حالة تلف ليس للاعارة المكان المؤقت الموقع الحالى تاريخ الاكتساب اجمالي اﻻعارات رقم الطلب الباركود تاريخ اخر مشاهدة تاريخ تفعيل السعر نوع وعاء كوها
        مكتبة القاهرة الكبرى مكتبة القاهرة الكبرى 03/26/2014   390.0956802\ر ق 17346 03/26/2014 03/26/2014 كتاب
        مكتبة القاهرة الكبرى مكتبة القاهرة الكبرى 03/26/2014   390.0956802\ر ق 17347 03/26/2014 03/26/2014 كتاب
        مكتبة القاهرة الكبرى مكتبة القاهرة الكبرى 03/26/2014   390.0956802\ر ق 17348 03/26/2014 03/26/2014 كتاب
        مكتبة القاهرة الكبرى مكتبة القاهرة الكبرى 03/26/2014   390.0956802\ر ق 17349 03/26/2014 03/26/2014 كتاب

Powered By

EGPV